| 000 | 00773nam a2200229 a 4500 | ||
|---|---|---|---|
| 005 | 20240411063735.0 | ||
| 008 | 991125m19801991mx 000 0 spa u | ||
| 020 | _a9684110421 | ||
| 035 | _aUPN01000053424 | ||
| 049 | _aCG | ||
| 050 | 4 |
_aHD7289 _bK3.78 |
|
| 100 | 1 |
_aKatz, Friedrich, _d1927-2010 _928818 |
|
| 245 | 1 | 3 |
_aLa servidumbre agraria en México en la época porfiriana / _cFriedrich Katz ; tr. Antonieta Sánchez Mejorada. |
| 260 |
_aMéxico : _bEra, _c1980 (1991 impr.). |
||
| 300 | _a115 p. | ||
| 440 | 0 |
_aProblemas de México ; _v11/4 |
|
| 590 | _a(También localizas un ejemplar en el "Area de Reserva") | ||
| 590 | _aBibliografía Básica (BGTQ), 2010 | ||
| 650 | 4 |
_aAGRICULTORES - _zMEXICO _91805 |
|
| 651 | 4 |
_aMéxico _xHistoria _94558 |
|
| 905 | _aLibro | ||
| 999 |
_c53424 _d53424 |
||